Sociology of communal violence (Record no. 384832)

000 -LEADER
fixed length control field 00453cam a22001577a 4500
008 - FIXED-LENGTH DATA ELEMENTS--GENERAL INFORMATION
fixed length control field 180718b1998 xxu||||| |||| 00| 0 eng d
020 ## - INTERNATIONAL STANDARD BOOK NUMBER
International Standard Book Number 8174888918
082 ## - DEWEY DECIMAL CLASSIFICATION NUMBER
Classification number B1243x54 M474
100 ## - MAIN ENTRY--PERSONAL NAME
Personal name Mehta, Dharma Veer
245 ## - TITLE STATEMENT
Title Sociology of communal violence
Statement of responsibility, etc. by Dharma Veer Mehta and edited by J.K. Misra
260 ## - PUBLICATION, DISTRIBUTION, ETC.
Place of publication, distribution, etc. New Delhi
Name of publisher, distributor, etc. Anmol
Date of publication, distribution, etc. 1998
300 ## - PHYSICAL DESCRIPTION
Extent 224p.
650 ## - SUBJECT ADDED ENTRY--TOPICAL TERM
Topical term or geographic name entry element Violence - India
650 ## - SUBJECT ADDED ENTRY--TOPICAL TERM
Topical term or geographic name entry element Communalism - India
700 ## - ADDED ENTRY--PERSONAL NAME
Personal name Misra, J.K.
Holdings
Withdrawn status Lost status Damaged status Not for loan Permanent Location Current Location Date acquired Full call number Barcode Date last seen Price effective from Koha item type
        Indian Institute of Public Administration Indian Institute of Public Administration 1998-02-21 B1243x54 M474 72808 2018-07-21 2018-07-21 Book

Powered by Koha